Water: look after your most valuable resource (Record no. 117634)
[ view plain ]
| 000 -LEADER | |
|---|---|
| fixed length control field | 00958cam a2200229 4500 |
| 001 - CONTROL NUMBER | |
| control field | ABS67971 |
| 008 - FIXED-LENGTH DATA ELEMENTS--GENERAL INFORMATION | |
| fixed length control field | 040701n2004 000 0 eng u |
| 035 ## - SYSTEM CONTROL NUMBER | |
| System control number | (Sirsi) u126667 |
| 100 ## - MAIN ENTRY--PERSONAL NAME | |
| Personal name | Beaton, D. |
| 245 ## - TITLE STATEMENT | |
| Title | Water: look after your most valuable resource |
| 260 ## - PUBLICATION, DISTRIBUTION, ETC. | |
| Date of publication, distribution, etc. | 2004 |
| 490 ## - SERIES STATEMENT | |
| Series statement | Farmers' Weekly |
| Volume/sequential designation | 140(25) 18 June 2004, 74-77(4) |
| 520 ## - SUMMARY, ETC. | |
| Summary, etc. | First of an eight-part series of best farming practice features supported by the Environment Agency. Focuses on water efficiency and how simple changes to farm practices can bring about water savings which benefit both the environment and farm business. Lists what farmers can do to conserve water. Uses real farms as case studies and examples of good practice. |
| 590 ## - LOCAL NOTE (RLIN) | |
| Local note | ABS |
| 590 ## - LOCAL NOTE (RLIN) | |
| Local note | ABS |
| 650 ## - SUBJECT ADDED ENTRY--TOPICAL TERM | |
| Topical term or geographic name entry element | WATER CONSERVATION |
| 650 ## - SUBJECT ADDED ENTRY--TOPICAL TERM | |
| Topical term or geographic name entry element | FARMING PRACTICES |
| 650 ## - SUBJECT ADDED ENTRY--TOPICAL TERM | |
| Topical term or geographic name entry element | ENVIRONMENTAL ISSUES |
| 650 ## - SUBJECT ADDED ENTRY--TOPICAL TERM | |
| Topical term or geographic name entry element | FARM BUSINESSES |
| 690 ## - LOCAL SUBJECT ADDED ENTRY--TOPICAL TERM (OCLC, RLIN) | |
| Topical term or geographic name as entry element | RURAL-FARM BUSINESS MANAGEMENT |
| 942 ## - ADDED ENTRY ELEMENTS (KOHA) | |
| Suppress in OPAC | 0 |
| Withdrawn status | Lost status | Source of classification or shelving scheme | Damaged status | Not for loan | Home library | Current library | Shelving location | Date acquired | Total Checkouts | Full call number | Barcode | Date last seen | Copy number | Price effective from | Koha item type |
|---|---|---|---|---|---|---|---|---|---|---|---|---|---|---|---|
| Dewey Decimal Classification | London | London | Journal article | 01/07/2004 | ABS67971 | 126667-1001 | 06/08/2019 | 1 | 06/08/2019 | Journal article |